Province e città metropolitane italiane affacciate sul mare - Statistics

Statistiche generali
  • Questo quiz è stato fatto 88 volte
    74 dall'ultimo reset
  • Il punteggio medio è 50 su 60
Statistiche sulle risposte
Risposta % Corretto
Genova
98%
Bari
96%
Rimini
96%
Venezia
96%
Potenza
95%
Ancona
93%
Catania
93%
Trieste
93%
Imperia
93%
Livorno
93%
Messina
93%
Napoli
93%
Palermo
93%
Roma
93%
Salerno
93%
La Spezia
91%
Lecce
91%
Siracusa
91%
Taranto
91%
Agrigento
89%
Cagliari
89%
Crotone
89%
Foggia
89%
Latina
89%
Pescara
89%
Pisa
89%
Ravenna
89%
Savona
89%
Catanzaro
87%
Grosseto
87%
Ragusa
87%
Udine
87%
Cosenza
85%
Nuoro
85%
Sassari
85%
Trapani
85%
Ferrara
84%
Matera
84%
Reggio Calabria
84%
Brindisi
82%
Caserta
82%
Chieti
80%
Gorizia
80%
Macerata
80%
Oristano
80%
Lucca
76%
Massa-Carrara
76%
Vibo Valentia
76%
Campobasso
75%
Rovigo
75%
Teramo
75%
Viterbo
75%
Caltanissetta
73%
Fermo
73%
Ascoli-Piceno
71%
Padova
71%
Sud Sardegna
71%
Forlì-Cesena
64%
Barletta-Andria-Trani
55%
Pesaro e Urbino
38%
Nessun quiz corrispondente trovato
Distribuzione punteggi
Percentuale di utenti per punteggio
Percentile per numero di risposta
I tuoi punteggi nel tempo
Non hai fatto questo quiz dall'ultimo reset